Linear algebra (Record no. 200)

MARC details
000 -LEADER
fixed length control field 00612 a2200241 4500
001 - CONTROL NUMBER
control field 065990
003 - CONTROL NUMBER IDENTIFIER
control field OSt
005 - DATE AND TIME OF LATEST TRANSACTION
control field 20251211104420.0
008 - FIXED-LENGTH DATA ELEMENTS--GENERAL INFORMATION
fixed length control field
020 ## - INTERNATIONAL STANDARD BOOK NUMBER
International Standard Book Number 9780070605022
082 ## - DEWEY DECIMAL CLASSIFICATION NUMBER
Classification number 512.5
Item number L66T
100 1# - MAIN ENTRY--PERSONAL NAME
Personal name Seymour, Lipschutz
245 1# - TITLE STATEMENT
Title Linear algebra
Statement of responsibility, etc By Lipschutz Seymour And M.l. Lipson
250 ## - EDITION STATEMENT
Edition statement 3rd ed.
260 ## - PUBLICATION, DISTRIBUTION, ETC. (IMPRINT)
Place of publication, distribution, etc New Delhi
Name of publisher, distributor, etc McGraw Hill
Date of publication, distribution, etc 2010
300 ## - PHYSICAL DESCRIPTION
Extent 424p.
490 ## - SERIES STATEMENT
Series statement Schaum's outline series
500 ## - GENERAL NOTE
General note English
630 ## - SUBJECT ADDED ENTRY--UNIFORM TITLE
Uniform title Mathematics
690 ## - LOCAL SUBJECT ADDED ENTRY--TOPICAL TERM (OCLC, RLIN)
Topical term or geographic name as entry element Algebras, Linear; Mathematics
700 ## - ADDED ENTRY--PERSONAL NAME
Personal name Lipson, M.L.
942 ## - ADDED ENTRY ELEMENTS (KOHA)
Source of classification or shelving scheme Dewey Decimal Classification
Koha item type Books
Holdings
Withdrawn status Lost status Source of classification or shelving scheme Damaged status Not for loan Collection code Home library Current library Department Date acquired Source of acquisition Coded location qualifier Cost, normal purchase price Inventory number(Invoice/Date) Total Checkouts Full call number Barcode Date last seen Date checked out Price effective from Koha item type Public note
    Dewey Decimal Classification     General Text Book Central University Of Rajasthan Central University Of Rajasthan Mathematics 07/03/2012 MTH Book Fair 325.00 1818/03-02-2010 35 512.5 L66T 276 16/12/2025 12/12/2025 02/09/2020 Books Mc Graw, New Delhi
    Dewey Decimal Classification     General Text Book Central University Of Rajasthan Central University Of Rajasthan Mathematics 07/03/2012 MTH Book Fair 325.00 1818/03-02-2010 29 512.5 L66T 277 16/12/2025 08/12/2025 02/09/2020 Books Mc Graw, New Delhi